Personálny marketing na trhu práce

Personálny marketing z hľadiska jeho vývoja. Trh práce ako objekt personálneho marketingu. Personálny marketing súvisí aj s procesmi globalizácie a internacionalizácie, čím nadobúda strategický charakter z hľadiska štruktúry personálnej politiky v organizáciách. Ciele a úlohy personálneho marketingu...

Descrizione completa

Salvato in:
Dettagli Bibliografici
Autore principale: Janošková, Mária, 1965-
Natura: Capitolo di libro
Lingua:slovacco
Soggetti:
Tags: Aggiungi Tag
Nessun Tag, puoi essere il primo ad aggiungerne!!

MARC

LEADER 00000naa$a2200000$$$4500
001 0280946
005 20240502074349.3
041 0 |a slo 
044 |a SK 
245 1 0 |a Personálny marketing na trhu práce  |c Mária Janošková 
520 |a Personálny marketing z hľadiska jeho vývoja. Trh práce ako objekt personálneho marketingu. Personálny marketing súvisí aj s procesmi globalizácie a internacionalizácie, čím nadobúda strategický charakter z hľadiska štruktúry personálnej politiky v organizáciách. Ciele a úlohy personálneho marketingu v organizáciách. 
610 2 0 |a marketing personálny 
610 2 0 |a trh práce 
610 2 0 |a manažment 
610 2 0 |a zdroje ľudské 
610 2 0 |a kapitál ľudský 
100 1 |a Janošková, Mária, 1965-